Propuesta de plan estratégico para el Taller de Mecánica General Navarro ubicado en el departamento de Managua para el periodo 2023-2025

El presente trabajo consiste en la elaboración de una propuesta del plan estratégico para el taller de mecánica general Navarro ubicado en la ciudad de Managua, para el periodo del 2023 al 2025, con el propósito de formular estrategias acordes a los hallazgos encontrados, a través de un diagnó...

Full description

Bibliographic Details
Main Authors: Solórzano, María Elena, González Mendoza, David Enoel, Lanza Meitchouk, Jean Mark
Other Authors: Tutor: Castellón Estrada, Rosa Elena
Format: Tesis Section = Libro
Language:Undetermined
Spanish
Published: Managua UNI 2023
Subjects:
LEADER 01415nam a2200265Ia 4500
008 240830s9999 xx 000 0 und d
040 |a BIBLIOTECA-RUPAP/ Mon 658.4012 S689 
041 |a spa 
082 |a Mon 658.4012 S689 
100 1 |a Solórzano, María Elena 
100 1 |b González Mendoza, David Enoel 
100 1 |c Lanza Meitchouk, Jean Mark 
245 1 0 |a Propuesta de plan estratégico para el Taller de Mecánica General Navarro ubicado en el departamento de Managua para el periodo 2023-2025 
260 |a Managua  |b UNI  |c 2023 
300 |a 96 p. :il. 
500 |a Contiene: anexos y CD. 
502 |a Tesis (Ingeniero de Sistemas) - UNI, 2023. 
520 3 |a El presente trabajo consiste en la elaboración de una propuesta del plan estratégico para el taller de mecánica general Navarro ubicado en la ciudad de Managua, para el periodo del 2023 al 2025, con el propósito de formular estrategias acordes a los hallazgos encontrados, a través de un diagnóstico estratégico, en el cual se ha realizado un estudio de la situación actual tanto interna como externa, para que de esta manera el taller pueda aumentar sus oportunidades de crecimiento, afrontando las amenazas y debilidades. 
650 7 |a PLANEACION ESTRATEGICA 
650 7 |b  PLANIFICACION 
650 7 |c  DIAGNOSTICO 
700 1 |a Tutor:  |b Castellón Estrada, Rosa Elena 
942 |c BK  |2 ddc 
991 |a Tesis 
999 |c 27588